| 000 | 00613 a2200229 4500 | ||
|---|---|---|---|
| 999 |
_c200435603 _d53815 |
||
| 003 | TR-AnTOB | ||
| 005 | 20200217093015.0 | ||
| 008 | 200217b xxu||||| |||| 00| 0 tur d | ||
| 020 | _a6052380321 | ||
| 040 |
_aTR-AnTOB _cTR-AnTOB |
||
| 041 | 0 | _atur | |
| 100 | _aDurul, Ferzan | ||
| 245 | _aAİHM’de Türkiye: İfade Özgürlüğü Davalarının Antropolojik İncelemesi (1987-2011) / | ||
| 250 | _a1. baskı | ||
| 260 | _c2018 | ||
| 264 | _c2018 | ||
| 336 |
_2rdacontent _atext _btxt |
||
| 337 |
_2rdamedia _aunmediated _bn |
||
| 338 |
_2rdacarrier _avolume _bnc |
||
| 942 |
_2lcc _cBK |
||